00549npc a2200169Ia 4500001001400000003001000014008004100024040002500065041000700090100001100097245011100108250001100219260002300230300001100253500010100264650001400365ist150-39945 IT-MiCISF161014s9999||||xx | und|| aIT-MiCISFcIT-MiCISF ait aAA.VV. 0aI viaggi in Italia e all'estero nel 2002bIndagine multiscopo sulle famiglie "Viaggi e vacanze". Anno 2002 a1a ed. a RomabIstatc2004 app. 83 aIstituto Nazionale di Statistica - contiene floppy disk / società, tempo-libero, statistica /  asocietà